000 00393 a2200109 4500
001 ART_23482
005 20260410161931.0
008 260409a
245 1 0 _aEl utilitarismo de Bentham y Stuart Mill
100 1 _aLetizia, Francisco
773 0 _tRevista de la Facultad de Ciencias Económicas de la Universidad de Cuyo
_g- Año XXXVII, Nº 91/92 (ene./dic. 1985)
_wREV22981
999 _c28563
_d28563